| 000 | 03678cam a22006614c 4500 | ||
|---|---|---|---|
| 003 | PE-LiUPU | ||
| 005 | 20250731180054.0 | ||
| 008 | 141107s2014 sp a 00i 0 spa d | ||
| 020 | _a8415452519 | ||
| 020 |
_a9788415452515 _qGarceta |
||
| 035 | _a(Sirsi) i9788415452515 | ||
| 040 |
_aPE-LiUPU _bspa _cPE-LiUPU _erda |
||
| 049 | _aPRUA | ||
| 082 |
_a504.408 _bR73 _220 |
||
| 082 | 0 | 4 |
_a504.408 _bR73 2014 _221 |
| 100 | 1 |
_aRodriguez Jerónimo, Gracia, _eautor. |
|
| 245 | 1 | 0 |
_aSistema de gestión ambiental en empresas constructoras : _bmanual para su implantación conforme a la norma UNE-EN ISO 14001:2004 / _cGracia Rodriguez Jerónimo. |
| 250 | _aprimera edición | ||
| 264 |
_aMadrid, España : _bGarceta, _c2014. |
||
| 300 |
_aXIV, 215 páginas : _bilustraciones ; _c24 centímetros. |
||
| 336 |
_atext _2rdacontent |
||
| 337 |
_aunmediated _2rdamedia |
||
| 338 |
_avolume _2rdacarrier |
||
| 490 | 0 | _aColección Seinor 48 | |
| 504 | _aBibliografía : páginas 210-215. | ||
| 505 | _aPresentación -- Índice de acrónimos -- Introducción -- Peculiaridades del sector de la construcción: su influencia en implantación de los Sistemas de Gestión Ambiental (SGA) -- Beneficios potenciales, factores determinantes y ventajas de la implantación de un Sistema de Gestión Ambiental (SGA) -- Introducción a los sistemas de gestión ambiental: norma UNE-EN ISO 14001:2004 -- Requisitos del sistema de gestión ambiental conforme a la norma UNE-EN ISO 14001: sector de la construcción -- Implantación del sistema de gestión ambiental en obra: planes de gestión ambiental -- Asignacion de responsabilidades del SGA en una empresa constructora -- Anexo I. Glosario de términos -- Anexo II. Relaciones de normas de la familia ISO 14000 sobre gestión ambiental -- Anexo III. Esquema de aplicación del real decreto 105/2008 sobre residuos de construción y demolición (RCD) como parte del SGA. | ||
| 526 | _aSEG44 | ||
| 526 | _aSEG26 | ||
| 526 | _aP159 | ||
| 526 | _aP155 | ||
| 526 | _aP154 | ||
| 526 | _aP153 | ||
| 526 | _aP150 | ||
| 526 | _aP100 | ||
| 526 | _aP31 | ||
| 526 | _aP30 | ||
| 526 | _aP26 | ||
| 526 | _aP25 | ||
| 526 | _aP24 | ||
| 526 | _aP22 | ||
| 526 | _aP15 | ||
| 526 | _aP10 | ||
| 541 | _g0020-0002811; | ||
| 650 | 0 | 4 |
_aArquitectura - _xAspecto del medio ambiente. |
| 650 | 0 | 4 |
_aMedio ambiente - _xPolítica gubernamental. |
| 910 |
_jck _bhop _chop _d20160511 |
||
| 910 |
_armch _btqv _crmch _d20170803 |
||
| 942 |
_2ddc _cBOOK |
||
| 949 |
_a504.408 R73 _wDEWEY _c1 _i72941 _lCCODEBUL1 _mBUL _p29.69 _r0 _sY _tBOOK _u2016-4-21 _xINGENIERIA _PP25 _0COMPRA _o.STAFF. Colección General |
||
| 949 |
_a504.408 R73 _wDEWEY _c2 _i72942 _lCCODEBUL1 _mBUL _p29.69 _r0 _sY _tBOOK _u2016-4-21 _xINGENIERIA _PP25 _0COMPRA _o.STAFF. Colección General |
||
| 949 |
_a504.408 R73 2014 _wDEWEY _c1 _iFJ08367 _lCCODEBUJ1 _mBUJ _p27.00 _r0 _sY _tBOOK _u2017-08-03 _xINGENIERIA _PP24 _0COMPRA _o.STAFF. Colección General Juliaca |
||
| 994 |
_aC0 _bPEPRU |
||
| 596 | _a1 3 | ||
| 999 |
_a504.408 R73 _wDEWEY _c9332 _i72941 _f2021-11-9 _g7 _lCCODEBUL1 _mBUL _p29.69 _r0 _sY _tBOOK _u2016-4-21 _xINGENIERIA _PP25 _0COMPRA _o.STAFF. Colección General _d9332 |
||
| 999 |
_a504.408 R73 _wDEWEY _c2 _i72942 _f2021-11-9 _g7 _lCCODEBUL1 _mBUL _p29.69 _r0 _sY _tBOOK _u2016-4-21 _xINGENIERIA _PP25 _0COMPRA _o.STAFF. Colección General |
||
| 999 |
_a504.408 R73 _wDEWEY _c1 _iFJ08367 _d2018-11-14 _e2018-6-15 _f2022-1-19 _g4 _lCCODEBUJ1 _mBUJ _n2 _p35.00 _q2 _r0 _sY _tBOOK _u2017-8-2 _xINGENIERIA _PP24 _0COMPRA _o.STAFF. Colección Genral Juliaca |
||
| 980 |
_81 _gALBERTO SANCHEZ Responsable de Automatización |
||